Transistor circuit design (Record no. 23504)

000 -LEADER
fixed length control field 00584nam a22002171 4500
001 - CONTROL NUMBER
control field 23504
003 - CONTROL NUMBER IDENTIFIER
control field BD-DhUET
008 - FIXED-LENGTH DATA ELEMENTS--GENERAL INFORMATION
fixed length control field 721219s1963 nyua b 000 0 eng
040 ## - CATALOGING SOURCE
Original cataloging agency DLC
Transcribing agency DLC
Modifying agency BD-DhUET
082 ## - DEWEY DECIMAL CLASSIFICATION NUMBER
Classification number 623.8151
Item number TEX/1963
110 ## - MAIN ENTRY--CORPORATE NAME
Corporate name or jurisdiction name as entry element Texas Instruments Incorporated
245 10 - TITLE STATEMENT
Title Transistor circuit design
250 ## - EDITION STATEMENT
Edition statement 1st ed.
260 ## - PUBLICATION, DISTRIBUTION, ETC. (IMPRINT)
Place of publication, distribution, etc. New York
Name of publisher, distributor, etc. McGraw-Hill
Date of publication, distribution, etc. 1963
300 ## - PHYSICAL DESCRIPTION
Extent xi, 523 p.
Other physical details ill.
Dimensions 26 cm.
504 ## - BIBLIOGRAPHY, ETC. NOTE
Bibliography, etc Includes bibliographies
650 #0 - SUBJECT ADDED ENTRY--TOPICAL TERM
Topical term or geographic name as entry element Transistor : Electronics
700 ## - ADDED ENTRY--PERSONAL NAME
Personal name Walston, Joseph A.
700 ## - ADDED ENTRY--PERSONAL NAME
Personal name Miller, John R.
942 ## - ADDED ENTRY ELEMENTS (KOHA)
Koha item type Corporate Publication
Holdings
Copy number Koha date last seen Koha item type Not for loan Sublocation or collection (holding branch) Withdrawn status Price effective from Location (home branch) Koha full call number Source of classification or shelving scheme Piece designation (barcode) Lost status Date acquired Damaged status Koha normalized classification for sorting Shelving location
12015-05-04Corporate Publication Central Library, BUET 2015-05-04Central Library, BUET623.8151/TEX/1963  30610 2015-05-04 623_815100000000000_TEX_1963Circulation section
22015-05-04Corporate Publication Central Library, BUET 2015-05-04Central Library, BUET623.8151/TEX/1963 30607 2015-05-04 623_815100000000000_TEX_1963Circulation section
32015-05-04Corporate Publication Central Library, BUET 2015-05-04Central Library, BUET623.8151/TEX/1963  30612 2015-05-04 623_815100000000000_TEX_1963Circulation section
42015-05-04Corporate Publication Central Library, BUET 2015-05-04Central Library, BUET623.8151/TEX/1963 30613 2015-05-04 623_815100000000000_TEX_1963Circulation section
52015-05-04Corporate Publication Central Library, BUET 2015-05-04Central Library, BUET623.8151/TEX/1963  26687 2015-05-04 623_815100000000000_TEX_1963Circulation section
62015-05-07Corporate Publication Central Library, BUET 2015-05-07Central Library, BUET623.8151/TEX/1963 30608 2015-05-07 623_815100000000000_TEX_1963Circulation section
72015-05-07Corporate Publication Central Library, BUET 2015-05-07Central Library, BUET623.8151/TEX/1963 30606 2015-05-07 623_815100000000000_TEX_1963Circulation section
82015-05-07Corporate Publication Central Library, BUET 2015-05-07Central Library, BUET623.8151/TEX/1963 30609 2015-05-07 623_815100000000000_TEX_1963Circulation section
92015-06-25Corporate Publication Central Library, BUET 2015-06-25Central Library, BUET623.8151/TEX/1963 30604 2015-06-25 623_815100000000000_TEX_1963Reading section
102015-06-25Corporate Publication Central Library, BUET 2015-06-25Central Library, BUET623.8151/TEX/1963 9968 2015-06-25 623_815100000000000_TEX_1963Reading section
112015-06-25Corporate Publication Central Library, BUET 2015-06-25Central Library, BUET623.8151/TEX/1963 30605 2015-06-25 623_815100000000000_TEX_1963Reading section